Países que Reconocen a la República Saharaui - Estadísticas

Estadísticas generales
  • Esta prueba ha sido intentada 45 veces
  • La puntuación promedio es 30 de 46
Estadísticas de respuestas
Continente País % Correcto
África Argelia
93%
América del Norte México
85%
África Mauritania
80%
América del Sur Venezuela
80%
África Libia
78%
América del Sur Perú
78%
África Sudán del Sur
78%
América del Sur Colombia
75%
América del Sur Ecuador
75%
África Angola
73%
África Nigeria
73%
América del Sur Uruguay
73%
América del Norte Cuba
70%
América del Sur Guyana
70%
África Mali
70%
América del Sur Bolivia
68%
África Etiopía
68%
Asia Irán
68%
América del Norte Nicaragua
68%
Asia Siria
68%
Asia Yemen
68%
América del Norte Honduras
65%
África Sudáfrica
65%
África Botsuana
63%
América del Norte Costa Rica
63%
África Kenia
63%
África Liberia
63%
Asia Corea del Norte
60%
África Ghana
60%
África Namibia
60%
América del Norte Panamá
60%
África Tanzania
60%
África Uganda
60%
África Mozambique
58%
África Ruanda
58%
Asia Vietnam
58%
África Zimbabue
58%
Asia Camboya
55%
Asia Laos
55%
África Lesoto
53%
África Sierra Leona
53%
América del Norte Belice
50%
América del Norte Trinidad y Tobago
50%
África Mauricio
48%
Oceanía Vanuatu
48%
Asia Timor Oriental
35%
No se encontraron pruebas coincidentes
Distribución de puntuación
Porcentaje de gente con cada puntuación
Porcentaje por número respondido
Historial de tus puntuaciones
No has intentado esta prueba.